000 00334nam a22001457a 4500
008 230427b ||||| |||| 00| 0 eng d
020 _a9781565336032
041 _aeng
080 _2EDITION 8.0
_a616.8
082 _a616.8HOL
100 _a11
101 _aINF
245 _aRN MENTAL HEALTH NURSING
_cHOLMAN.C.H
942 _2udc
_cBK
999 _c59634
_d59634